Statistics for NFL Team Slogans

Click here to take the quiz!

General Stats

  • This quiz has been taken 41 times
  • The average score is 18 of 21

Answer Stats

SloganTeam% Correct
Fly ____ FlyPhiladelphia Eagles
100%
12th ManSeattle Seahawks
100%
____ MafiaBuffalo Bills
97%
Who Dey?Cincinnati Bengals
97%
America's TeamDallas Cowboys
97%
Bolt Up!Los Angeles Chargers
94%
Go ____ GoGreen Bay Packers
92%
Fins UpMiami Dolphins
92%
SkolMinnesota Vikings
89%
Who Dat?New Orleans Saints
89%
Keep PoundingCarolina Panthers
86%
DawgpoundCleveland Browns
86%
_____ KingdomKansas City Chiefs
86%
Defend the DenDetroit Lions
83%
Raise the FlagsTampa Bay Buccaneers
81%
Rise Up Red SeaArizona Cardinals
78%
Faithful to the BaySan Francisco 49ers
78%
Rise UpAtlanta Falcons
75%
Bulls On ParadeHouston Texans
72%
Hail to the __________Washington Commanders
69%
Stand UnitedJacksonville Jaguars
64%

Score Distribution

Percentile by Number Answered

Percent of People with Each Score

Your Score History

You have not taken this quiz